Les joueurs formés à l'Olympique Lyonnais (depuis 2000) - Statistiques

Statistiques générales
  • Ce quiz a été pris 55 fois
    52 depuis la dernière actualisation
  • Le résultat moyen est 21 sur 65
Statistiques - réponses
Joueur Matchs Buts % Correct
Alexandre Lacazette 275 129
96%
Nabil Fekir 184 69
89%
Yassin Fekir 1 0
89%
Karim Benzema 148 66
87%
Corentin Tolisso 159 29
85%
Anthony Lopes 285 0
80%
Maxime Gonalons 334 12
78%
Hatem Ben Arfa 91 12
72%
Samuel Umtiti 171 5
70%
Clément Grenier 154 18
67%
Anthony Martial 4 0
61%
Jordan Ferri 213 12
61%
Houssem Aouar 74 15
59%
Sidney Govou 406 73
59%
Rachid Ghezzal 119 14
48%
Amine Gouiri 7 0
46%
Steed Malbranque 240 19
43%
Yassine Benzia 54 6
43%
Ishak Belfodil 12 0
39%
Loic Rémy 19 0
39%
Alassane Plea 12 1
37%
François Clerc 114 2
35%
Mathieu Gorgelin 18 0
35%
Willem Geubbels 4 0
35%
Mouctar Diakhaby 54 7
33%
Mehdi Zeffane 27 0
30%
Aldo Kalulu 20 3
28%
Jérémy Pied 56 4
28%
Romain Del Castillo 2 0
28%
Yannis Tafer 15 1
28%
Anthony Mounier 28 5
26%
Bryan Bergougnoux 48 6
26%
Gaetan Perrin 3 1
26%
Myziane Maolida 22 3
26%
Clinton Njie 98 22
24%
Farès Bahlouli 14 0
24%
Jeremie Brechet 160 0
24%
Mohamed Yattara 23 3
22%
Jeremy Berthod 99 2
20%
Jeremy Clement 54 1
20%
Rémy Riou 0 0
20%
Harry Novillo 4 0
17%
Joan Hartock 0 0
17%
Timothée Kolodziejczak 14 0
17%
Lamine Gassama 25 0
15%
Florent Balmont 13 1
13%
Florent Laville 268 4
13%
Jordy Gaspar 3 0
13%
Sébastien Faure 1 0
13%
Nicolas Puydebois 17 0
11%
David Linarès 173 5
9%
Mouhamadou Naby Sarr 5 1
9%
Sidy Koné 5 0
9%
Sylvain Idangar 1 1
9%
Alexandre Hauw 4 0
7%
Romain Beynié 1 0
7%
Sandy Paillot 2 0
7%
Yohan Gomez 11 0
7%
Julien Viale 16 1
4%
Laurent Montoya 1 0
4%
Gregory Bettiol 4 0
2%
Johann Truchet 1 0
2%
Yacine Hima 0 0
2%
Mourad Benhamida 0 0
0%
Romain Sartre 5 0
0%
Aucun quiz correspondant
Distribution des résultats
% des personnes avec chaque résultat
Percentile par nombre de réponses
Votre historique - résultats
Vous n’avez pas pris ce quiz depuis la dernière actualisation